[Event "XII Open"]
[Site "Crema ITA"]
[Date "2010.09.05"]
[Round "5"]
[White "Tagliaferri, Valerio"]
[Black "Tahiraj, Almir"]
[Result "1-0"]
[WhiteElo "1884"]
[BlackElo "1548"]
[PlyCount "92"]
[EventDate "2010.09.03"]

1. d4 Nf6 2. c4 e6 3. Nc3 d5 4. Nf3 Be7 5. Bg5 O-O 6. e3 b6 7. cxd5 Nxd5 8.
Nxd5 exd5 9. Bf4 Bg4 10. a3 Nd7 11. h3 Bh5 12. Rc1 c5 13. Ba6 Nf6 14. Bb7 Qd7
15. Bxa8 Rxa8 16. g4 Bg6 17. Ne5 Qb5 18. Nxg6 hxg6 19. Qe2 Qa5+ 20. Kf1 Re8 21.
dxc5 bxc5 22. Kg2 Qb6 23. Qc2 Qb7 24. f3 Nd7 25. g5 a5 26. h4 Bf8 27. Qc3 f6
28. Rc2 a4 29. Rd2 Ne5 30. Bxe5 fxe5 31. Rhd1 d4 32. Qc4+ Qf7 33. Qxf7+ Kxf7
34. Kf2 Ke6 35. exd4 cxd4 36. Rc1 Kd5 37. Rc7 Re7 38. Rdc2 Rxc7 39. Rxc7 e4 40.
fxe4+ Kxe4 41. Rc4 Kd3 42. Rxa4 Bd6 43. Ra6 Be5 44. Rc6 Ke4 45. Re6 Kd5 46.
Rxe5+ Kxe5 1-0

[Event "XII Open"]
[Site "Crema ITA"]
[Date "2010.09.05"]
[Round "5"]
[White "Tedoldi, Guido"]
[Black "Marchesotti, Giovanni"]
[Result "1/2-1/2"]
[WhiteElo "1678"]
[BlackElo "1578"]
[PlyCount "61"]
[EventDate "2010.09.03"]

1. c4 g6 2. Nc3 d6 3. e4 Bg7 4. Nf3 Nf6 5. d3 Bg4 6. Be2 Nbd7 7. Be3 Ne5 8.
Nxe5 Bxe2 9. Qxe2 dxe5 10. Rd1 Qc8 11. O-O O-O 12. h3 c6 13. b3 Ne8 14. Qd2 Nc7
15. Bh6 Ne6 16. Bxg7 Kxg7 17. Ne2 Qd7 18. f4 Nxf4 19. Nxf4 Qd4+ 20. Kh1 exf4
21. Rxf4 e5 22. Rf3 h6 23. Rdf1 Rad8 24. g4 Qxe4 25. Qxh6+ Kxh6 26. dxe4 Kg7
27. a3 Rd4 28. Re1 Rfd8 29. Kg2 Rd2+ 30. Rf2 Rxf2+ 31. Kxf2 1/2-1/2

[Event "XII Open"]
[Site "Crema ITA"]
[Date "2010.09.05"]
[Round "5"]
[White "Vecchio, Paolo L."]
[Black "Secondi, Alberto"]
[Result "0-1"]
[WhiteElo "1368"]
[BlackElo "1455"]
[PlyCount "64"]
[EventDate "2010.09.03"]

1. e4 d6 2. d4 g6 3. Nc3 Bg7 4. d5 Nf6 5. h3 O-O 6. Bd3 c6 7. Be3 cxd5 8. exd5
Re8 9. Nf3 Nbd7 10. O-O Nb6 11. Bf4 Nfxd5 12. Nxd5 Nxd5 13. Qd2 e5 14. Bb5 Nxf4
15. Bxe8 Qxe8 16. Ng5 Qc6 17. f3 Bf5 18. Rac1 Re8 19. Qf2 a6 20. g4 Bxg4 21.
Kh2 Bd7 22. Rg1 Qc4 23. b3 Qe2 24. Rgf1 Qxf2+ 25. Rxf2 f5 26. Rd1 d5 27. c4 d4
28. Kg3 e4 29. h4 e3 30. Rh2 e2 31. Re1 d3 32. Rhh1 d2 0-1

[Event "XII Open"]
[Site "Crema ITA"]
[Date "2010.09.05"]
[Round "6"]
[White "Acunzo, Domenico"]
[Black "Epitome, Nando"]
[Result "0-1"]
[WhiteElo "1802"]
[BlackElo "1607"]
[PlyCount "62"]
[EventDate "2010.09.03"]

1. e4 c5 2. Nf3 d6 3. Be2 e6 4. c3 Nf6 5. O-O Be7 6. Re1 Nbd7 7. Bb5 O-O 8.
Bxd7 Bxd7 9. d4 Rc8 10. d5 e5 11. Nxe5 dxe5 12. d6 Bc6 13. dxe7 Qxe7 14. f3
Rcd8 15. Qe2 Rd7 16. b4 cxb4 17. cxb4 Qxb4 18. Ba3 Qd4+ 19. Qf2 Qxa1 20. Bxf8
Kxf8 21. Qc5+ Kg8 22. Qc2 h6 23. h4 Nh5 24. Kh2 g6 25. Rg1 Qd4 26. g3 Qd3 27.
Qf2 a6 28. f4 exf4 29. gxf4 Qxe4 30. f5 Qe5+ 31. Kh3 Rd3+ 0-1

[Event "XII Open"]
[Site "Crema ITA"]
[Date "2010.09.05"]
[Round "6"]
[White "Attuati, Sara"]
[Black "Adami, Antonio"]
[Result "1-0"]
[WhiteElo "1455"]
[BlackElo "1686"]
[PlyCount "59"]
[EventDate "2010.09.03"]

1. e4 c5 2. Nf3 d6 3. d4 cxd4 4. Nxd4 Nf6 5. Nc3 a6 6. Bc4 e6 7. Bb3 b5 8. Qe2
Be7 9. f3 O-O 10. Be3 Qc7 11. O-O-O Nc6 12. g4 Na5 13. h4 Nxb3+ 14. axb3 Bb7
15. h5 Qd8 16. g5 Nd7 17. Rdg1 b4 18. Na4 Ne5 19. g6 h6 20. f4 Nc6 21. Qg2 Bf6
22. gxf7+ Kxf7 23. e5 dxe5 24. Nxc6 Qc7 25. Qg6+ Kg8 26. Nxe5 Bxh1 27. Rxh1
Rac8 28. Nc4 Qf7 29. Qxf7+ Rxf7 30. Nd6 1-0

[Event "XII Open"]
[Site "Crema ITA"]
[Date "2010.09.05"]
[Round "6"]
[White "Baccarin, Stefano"]
[Black "Distratis, Gianluca"]
[Result "0-1"]
[WhiteElo "1794"]
[BlackElo "1954"]
[PlyCount "56"]
[EventDate "2010.09.03"]

1. e4 d5 2. exd5 Nf6 3. d4 Nxd5 4. c4 Nb6 5. h3 g6 6. Nf3 Bg7 7. Nc3 O-O 8. Be2
Nc6 9. Be3 e5 10. d5 Ne7 11. Qd2 Nf5 12. Bc5 Re8 13. g4 Nd6 14. b3 f5 15. O-O-O
fxg4 16. hxg4 Bxg4 17. Rxh7 Bxf3 18. Qd3 Kxh7 19. Bxf3 Qf6 20. Rh1+ Kg8 21. Ne4
Qf4+ 22. Kc2 Rad8 23. Rh3 Nf5 24. Bb4 Nd4+ 25. Kb1 Nc8 26. Bd2 Qf5 27. Rg3 Nd6
28. Nxd6 Qxd3+ 0-1

[Event "XII Open"]
[Site "Crema ITA"]
[Date "2010.09.05"]
[Round "6"]
[White "Biava, Pierluigi"]
[Black "Gemelli, Giovanni"]
[Result "1/2-1/2"]
[WhiteElo "1765"]
[BlackElo "1500"]
[PlyCount "38"]
[EventDate "2010.09.03"]

1. f4 d5 2. Nf3 c5 3. e3 Nc6 4. Bb5 Bd7 5. O-O Nf6 6. b3 e6 7. Bb2 Be7 8. Na3
a6 9. Bxc6 bxc6 10. c4 O-O 11. d3 Rc8 12. Ne5 d4 13. Qf3 h6 14. Nc2 dxe3 15. g4
Qe8 16. Nxe3 Nh7 17. Qe4 a5 18. Kh1 Kh8 19. Rae1 Bd6 1/2-1/2

[Event "XII Open"]
[Site "Crema ITA"]
[Date "2010.09.05"]
[Round "6"]
[White "Bocci, Alessandro"]
[Black "Astengo, Marcello"]
[Result "0-1"]
[WhiteElo "1965"]
[BlackElo "2064"]
[PlyCount "46"]
[EventDate "2010.09.03"]

1. d4 d5 2. c4 c6 3. Nf3 e6 4. e3 Nf6 5. Nbd2 Nbd7 6. Bd3 Be7 7. O-O O-O 8. e4
dxc4 9. Nxc4 b5 10. Nce5 Bb7 11. Be3 a6 12. Rc1 Rc8 13. Bb1 c5 14. Nxd7 Nxd7
15. Qd3 c4 16. Qc2 Re8 17. Rfd1 c3 18. d5 exd5 19. exd5 Nf6 20. d6 Bxd6 21. Bg5
Be4 22. Qb3 Bxb1 23. Rxb1 c2 0-1

[Event "XII Open"]
[Site "Crema ITA"]
[Date "2010.09.05"]
[Round "6"]
[White "Bonazzi, Edoardo"]
[Black "Guzzetti, Luigi Enrico"]
[Result "1-0"]
[WhiteElo "2188"]
[BlackElo "1878"]
[PlyCount "123"]
[EventDate "2010.09.03"]

1. Nf3 Nf6 2. c4 g6 3. Nc3 Bg7 4. g3 O-O 5. Bg2 d6 6. O-O Nbd7 7. Rb1 c6 8. b4
Qc7 9. Qc2 e5 10. Bb2 Re8 11. Rfc1 b6 12. b5 Bb7 13. bxc6 Bxc6 14. Nb5 Qb8 15.
Ba3 Nc5 16. Bb4 a6 17. Nc3 Qc7 18. d3 Rad8 19. Ne1 Bxg2 20. Nxg2 Rc8 21. Ne3
Qd8 22. Ncd5 Nxd5 23. Nxd5 Bh6 24. Bd2 Bxd2 25. Qxd2 Rb8 26. Rb4 Ne6 27. Rcb1
b5 28. a4 Kg7 29. axb5 axb5 30. Rxb5 Rxb5 31. Rxb5 Nd4 32. Rb6 h5 33. h4 Ne6
34. Qb4 Nc5 35. Qb5 Re6 36. Rb8 Qd7 37. Qxd7 Nxd7 38. Rd8 Nc5 39. Nc7 Re7 40.
Ne8+ Kh6 41. Nxd6 Ne6 42. Nc8 Rb7 43. Rd5 Rb1+ 44. Kg2 e4 45. Nd6 exd3 46. exd3
Kg7 47. Ne4 Rb7 48. Nc5 Nxc5 49. Rxc5 Rd7 50. Rd5 Rxd5 51. cxd5 Kf6 52. Kf3 Ke5
53. d6 Kxd6 54. Ke4 f6 55. d4 Ke6 56. d5+ Kd6 57. Kd4 Kd7 58. Kc5 g5 59. d6 Kd8
60. Kd5 Kd7 61. f4 gxf4 62. gxf4 1-0

[Event "XII Open"]
[Site "Crema ITA"]
[Date "2010.09.05"]
[Round "6"]
[White "Cambieri, Mario"]
[Black "Oteri, Aldo"]
[Result "1-0"]
[WhiteElo "1889"]
[BlackElo "1829"]
[PlyCount "109"]
[EventDate "2010.09.03"]

1. c4 e5 2. Nc3 Nc6 3. g3 g6 4. Bg2 Bg7 5. d3 d6 6. Bd2 f5 7. Nd5 Nf6 8. Rb1
O-O 9. e3 Be6 10. Ne2 Bf7 11. Nec3 Kh8 12. b4 e4 13. dxe4 fxe4 14. O-O Ne5 15.
Nxe4 Nxd5 16. cxd5 Bxd5 17. Qc2 Qe7 18. Bc3 Nf3+ 19. Bxf3 Rxf3 20. Bxg7+ Kxg7
21. Nd2 Raf8 22. e4 Be6 23. Nxf3 Rxf3 24. Rfd1 Qf7 25. Rd3 Rxd3 26. Qxd3 Bxa2
27. Rc1 Kg8 28. Qc2 c6 29. Ra1 Bb3 30. Qd2 d5 31. Rxa7 dxe4 32. Ra8+ Kg7 33.
Qd4+ Kh6 34. Qxe4 Bd5 35. Qe3+ Kg7 36. Re8 Qf5 37. Qe5+ Qxe5 38. Rxe5 Kf6 39.
Re8 h5 40. Kf1 Kg5 41. Ke2 Kg4 42. h4 b6 43. Ke3 c5 44. bxc5 bxc5 45. Re5 Bf7
46. Rxc5 Kh3 47. Rc6 Kg4 48. Rf6 Be8 49. Rf4+ Kh3 50. Kd4 Bd7 51. Ke5 Kg2 52.
Kf6 Bf5 53. Rxf5 gxf5 54. Kxf5 Kxf2 55. g4 1-0

[Event "XII Open"]
[Site "Crema ITA"]
[Date "2010.09.05"]
[Round "6"]
[White "Carrai, Giacomo"]
[Black "Bonade', Massimo"]
[Result "0-1"]
[WhiteElo "1860"]
[BlackElo "2091"]
[PlyCount "68"]
[EventDate "2010.09.03"]

1. Nf3 Nf6 2. c4 b6 3. d4 e6 4. g3 Ba6 5. b3 Bb4+ 6. Bd2 Be7 7. Bc3 c6 8. Nbd2
d5 9. Ne5 Nfd7 10. Nxd7 Nxd7 11. Bg2 O-O 12. O-O Rc8 13. Rc1 Nf6 14. Re1 Ba3
15. Rc2 Qe7 16. e4 dxe4 17. Nxe4 Nxe4 18. Bxe4 Rfd8 19. Rd2 Bb4 20. Qc2 Bxc3
21. Qxc3 Qg5 22. Qe3 Qa5 23. Red1 Bb7 24. Qf4 h6 25. h4 Rd7 26. c5 Rcd8 27. Qf3
bxc5 28. Bxc6 Bxc6 29. Qxc6 cxd4 30. Qc4 e5 31. b4 Qd5 32. Qc5 Qxc5 33. bxc5
Rc7 34. Rc1 Rdc8 0-1

[Event "XII Open"]
[Site "Crema ITA"]
[Date "2010.09.05"]
[Round "6"]
[White "Castrogiovanni, Carlo"]
[Black "Attuati, Stefano"]
[Result "0-1"]
[WhiteElo "2024"]
[BlackElo "1930"]
[PlyCount "65"]
[EventDate "2010.09.03"]

1. d4 e6 2. c4 f5 3. Nc3 Nf6 4. Nf3 d5 5. cxd5 exd5 6. Bg5 c6 7. Rb1 Bd6 8. e3
O-O 9. Bd3 Qe8 10. O-O Ne4 11. Bf4 Be7 12. Qb3 Kh8 13. Bxb8 Rxb8 14. Qc2 Bd6
15. Ne2 Rf6 16. Ng3 Rh6 17. Rbe1 Bxg3 18. fxg3 Qh5 19. Qe2 g5 20. Rc1 Bd7 21.
Qe1 Re8 22. Be2 f4 23. exf4 Bg4 24. fxg5 Nxg5 25. h4 Rhe6 26. Nxg5 Rxe2 27. Qb4
R2e7 28. Rf8+ Kg7 29. Rcf1 Qg6 30. R1f7+ Rxf7 31. Rxf7+ Kg8 32. Qxb7 h6 33.
Qxc6 0-1

[Event "XII Open"]
[Site "Crema ITA"]
[Date "2010.09.05"]
[Round "6"]
[White "Cattaneo, Dario"]
[Black "Casale, Anania"]
[Result "0-1"]
[WhiteElo "1599"]
[BlackElo "1732"]
[PlyCount "64"]
[EventDate "2010.09.03"]

1. d4 Nf6 2. Nf3 e6 3. c4 b6 4. Nc3 Bb7 5. e3 Be7 6. Be2 d5 7. b3 O-O 8. O-O
Nbd7 9. Bb2 c5 10. Rc1 Rc8 11. cxd5 exd5 12. Bb5 a6 13. Bd3 Ne4 14. Qe2 b5 15.
Nd2 Ndf6 16. f3 cxd4 17. Ncxe4 dxe4 18. Rxc8 Bxc8 19. Nxe4 dxe3 20. Nxf6+ gxf6
21. Qxe3 Re8 22. Kh1 Ba3 23. Qd2 Bxb2 24. Bxh7+ Kxh7 25. Qxb2 Qd3 26. Qf2 Kg7
27. Rc1 Bf5 28. h3 Qe3 29. Qb2 Rd8 30. Rf1 Rd2 31. Qc1 Qe2 32. Rg1 Bxh3 0-1

[Event "XII Open"]
[Site "Crema ITA"]
[Date "2010.09.05"]
[Round "6"]
[White "Cecchini, Massimo S."]
[Black "Raimondi, Celso"]
[Result "1-0"]
[WhiteElo "1805"]
[BlackElo "1640"]
[PlyCount "71"]
[EventDate "2010.09.03"]

1. d4 Nf6 2. Nf3 d6 3. c4 g6 4. Nc3 Bg7 5. e4 O-O 6. Be2 Nc6 7. O-O e5 8. d5
Ne7 9. Ne1 Nd7 10. Be3 f5 11. f3 f4 12. Bf2 Nf6 13. Nd3 g5 14. c5 Ne8 15. Rc1
Ng6 16. cxd6 cxd6 17. Qb3 Kh8 18. Rc2 Rf7 19. Rfc1 b6 20. Nb4 Bb7 21. Nc6 Bxc6
22. dxc6 Rf8 23. Nd5 Nc7 24. Qd3 Rf7 25. b4 Nf8 26. Qb3 Nxd5 27. Qxd5 Rc7 28.
Bc4 Ng6 29. b5 Qf6 30. h3 Ne7 31. Qd3 h5 32. Rd1 Rd8 33. Be1 Nc8 34. Qd5 Re8
35. Bb4 Bf8 36. Qg8# 1-0

[Event "XII Open"]
[Site "Crema ITA"]
[Date "2010.09.05"]
[Round "6"]
[White "Everet, Alexandro"]
[Black "Gagliardi, Christian"]
[Result "1-0"]
[WhiteElo "2246"]
[BlackElo "2192"]
[PlyCount "55"]
[EventDate "2010.09.03"]

1. d4 g6 2. e4 Bg7 3. Nf3 d6 4. Bd3 c6 5. h3 Nd7 6. c3 Qc7 7. Be3 Ngf6 8. Nbd2
e5 9. Qc2 O-O 10. O-O-O Re8 11. g4 d5 12. dxe5 Nxe5 13. Nxe5 Qxe5 14. f4 Qc7
15. e5 Nd7 16. h4 f6 17. h5 fxe5 18. Bxg6 hxg6 19. Qxg6 Re7 20. h6 Nf8 21. Qh5
Bh8 22. Bc5 exf4 23. Qg5+ Kf7 24. Bxe7 Qxe7 25. Qxf4+ Kg8 26. Rde1 Be6 27. h7+
Nxh7 28. Qh6 1-0

[Event "XII Open"]
[Site "Crema ITA"]
[Date "2010.09.05"]
[Round "6"]
[White "Folcini, Gaddo"]
[Black "Bongiorni, Gabriele"]
[Result "0-1"]
[WhiteElo "1543"]
[BlackElo "1795"]
[PlyCount "58"]
[EventDate "2010.09.03"]

1. d4 d5 2. Nc3 Nf6 3. Bg5 Bf5 4. Nf3 e6 5. Nh4 Bg6 6. Nxg6 hxg6 7. e4 Be7 8.
Bxf6 Bxf6 9. e5 Bg5 10. g3 Nd7 11. f4 Be7 12. Qg4 a6 13. Bd3 c6 14. Bxg6 fxg6
15. Qxg6+ Kf8 16. Qxe6 Rh6 17. Qf5+ Kg8 18. O-O-O Nb6 19. Rde1 Nc4 20. g4 Qb6
21. b3 Ba3+ 22. Kb1 Nd2+ 23. Ka1 Qxd4 24. Qd3 Qxf4 25. h4 Re6 26. Nxd5 cxd5 27.
Qxd5 Rae8 28. Re2 Qf3 29. Qxf3 Nxf3 0-1

[Event "XII Open"]
[Site "Crema ITA"]
[Date "2010.09.05"]
[Round "6"]
[White "Galli, Fabrizio"]
[Black "Vecchio, Paolo L."]
[Result "1-0"]
[WhiteElo "1472"]
[BlackElo "1368"]
[PlyCount "37"]
[EventDate "2010.09.03"]

1. d4 Nf6 2. Nf3 g6 3. Nbd2 d6 4. e4 c6 5. Bd3 Bg4 6. h3 Bxf3 7. Qxf3 Bh6 8.
O-O Bxd2 9. Bxd2 Qb6 10. Bc3 Nbd7 11. a4 a5 12. Rae1 c5 13. Qe3 cxd4 14. Bxd4
Nc5 15. e5 Nd5 16. Bb5+ Kf8 17. Qh6+ Kg8 18. exd6 exd6 19. Qg7# 1-0

[Event "XII Open"]
[Site "Crema ITA"]
[Date "2010.09.05"]
[Round "6"]
[White "Giallombardo, Federico"]
[Black "Guasconi, Lelio"]
[Result "1-0"]
[WhiteElo "1919"]
[BlackElo "1482"]
[PlyCount "91"]
[EventDate "2010.09.03"]

1. d4 Nf6 2. c4 d5 3. cxd5 Nxd5 4. e4 Nf6 5. Nc3 e6 6. Nf3 Be7 7. Be2 Bd7 8.
O-O Bc6 9. Qc2 Nbd7 10. a3 a6 11. h3 Nf8 12. Be3 Ng6 13. Rfd1 Qc8 14. b4 O-O
15. Nd2 Bd7 16. Rac1 c6 17. Na4 Bd8 18. Nc5 e5 19. Nxd7 Qxd7 20. Nc4 Qc7 21. d5
cxd5 22. exd5 Nxd5 23. Rxd5 Bf6 24. Bb6 Qc6 25. Rd6 Qe8 26. Bg4 Bd8 27. Bd7 Qe7
28. Bc5 Qg5 29. Rd5 Nf4 30. Ne3 Nxd5 31. Nxd5 g6 32. Re1 Bf6 33. Bxf8 Rxf8 34.
Nxf6+ Qxf6 35. Qc3 Rd8 36. Ba4 b5 37. Bb3 Re8 38. f3 Qf5 39. Qc6 Rd8 40. Qe4
Qxe4 41. Rxe4 Rd3 42. Bc2 Rc3 43. Re2 f6 44. Be4 Rxa3 45. Ra2 Rb3 46. Bd5+ 1-0

[Event "XII Open"]
[Site "Crema ITA"]
[Date "2010.09.05"]
[Round "6"]
[White "Guglielmetti, Oscar"]
[Black "Cattaneo, Marco"]
[Result "0-1"]
[WhiteElo "1779"]
[BlackElo "1850"]
[PlyCount "58"]
[EventDate "2010.09.03"]

1. Nf3 d5 2. g3 Nf6 3. Bg2 c5 4. d3 g6 5. O-O Bg7 6. Nc3 O-O 7. e4 d4 8. Ne2
Nc6 9. Ne1 e5 10. f4 b5 11. Nf3 Bd7 12. a3 Be8 13. h3 Nd7 14. f5 f6 15. Nh4 g5
16. Nf3 h5 17. Bd2 c4 18. h4 g4 19. Ne1 a5 20. Rf2 Nc5 21. Bf1 Kh7 22. Nc1 Bf7
23. Na2 Bh6 24. Bxh6 Kxh6 25. Nc1 Kh7 26. Rb1 cxd3 27. Nexd3 Nxe4 28. Rg2 Nd6
29. Nc5 Re8 0-1

[Event "XII Open"]
[Site "Crema ITA"]
[Date "2010.09.05"]
[Round "6"]
[White "Guidi, Giacomo G."]
[Black "Tagliaferri, Valerio"]
[Result "1-0"]
[WhiteElo "1942"]
[BlackElo "1884"]
[PlyCount "112"]
[EventDate "2010.09.03"]

1. Nf3 Nf6 2. g3 e6 3. Bg2 d5 4. d3 c5 5. O-O Nc6 6. Nbd2 Be7 7. e4 Qc7 8. Qe2
O-O 9. e5 Nd7 10. Re1 f6 11. exf6 Nxf6 12. Bh3 e5 13. Bxc8 Qxc8 14. Nxe5 Nd4
15. Qd1 Qh3 16. Nf1 Bd6 17. f4 Rae8 18. Ne3 Bxe5 19. fxe5 Rxe5 20. Rf1 Rfe8 21.
c3 Nc6 22. d4 cxd4 23. cxd4 Rxe3 24. Bxe3 Rxe3 25. Qd2 Re4 26. Rae1 Qg4 27. Rf4
Rxf4 28. Qxf4 Qxf4 29. gxf4 Kf7 30. Rc1 Ke6 31. Kf2 Kf5 32. b4 a6 33. a4 g6 34.
b5 axb5 35. axb5 Nxd4 36. b6 Nc6 37. Kf3 Nh5 38. Rxc6 bxc6 39. b7 Nxf4 40. b8=Q
Ne6 41. Qd6 h5 42. Ke3 d4+ 43. Kd3 c5 44. Kc4 g5 45. Qd5+ Kf6 46. Qf3+ Kg6 47.
Qf2 g4 48. Qh4 Ng5 49. Kxc5 Nf3 50. Qf2 d3 51. Kc4 d2 52. Qe2 Nxh2 53. Qd3+ Kf6
54. Qxd2 Nf3 55. Qh6+ Kf5 56. Qxh5+ Kf4 1-0

[Event "XII Open"]
[Site "Crema ITA"]
[Date "2010.09.05"]
[Round "6"]
[White "Guidi, Paolo"]
[Black "Pinna, Ferdinando"]
[Result "0-1"]
[WhiteElo "1884"]
[BlackElo "1858"]
[PlyCount "132"]
[EventDate "2010.09.03"]

1. Nf3 Nf6 2. d4 g6 3. Nc3 d5 4. Bg5 Bg7 5. e3 O-O 6. Bd3 Nbd7 7. O-O c5 8. Re1
b6 9. h3 Bb7 10. a4 a6 11. Bf1 Re8 12. Bf4 Ne4 13. Nxe4 dxe4 14. Ne5 Nxe5 15.
dxe5 Qc8 16. Bc4 Rd8 17. Qe2 Bd5 18. Bxd5 Rxd5 19. Rad1 Rxd1 20. Rxd1 Qe6 21.
Qxa6 Rb8 22. Qa7 Bxe5 23. Bxe5 Qxe5 24. c3 Re8 25. Qb7 Qe6 26. Qd7 Qxd7 27.
Rxd7 Ra8 28. b3 e6 29. Rb7 Ra6 30. Kf1 c4 31. bxc4 Rxa4 32. Rxb6 Rxc4 33. Rb3
Kg7 34. Ke2 Kf6 35. Kd2 h5 36. Rb4 Rxb4 37. cxb4 Ke5 38. Kc3 Kd5 39. h4 f6 40.
b5 Kc5 41. b6 Kxb6 42. Kd4 Kb5 43. Kxe4 Kc4 44. f3 Kc5 45. g4 Kd6 46. gxh5 gxh5
47. Kf4 Kd5 48. Kg3 Kc4 49. Kf4 Kd3 50. e4 Kd4 51. e5 fxe5+ 52. Kg5 Ke3 53.
Kxh5 Kxf3 54. Kg5 e4 55. h5 e3 56. h6 e2 57. h7 e1=Q 58. h8=Q Qe3+ 59. Kg6 Qe4+
60. Kf7 Qf5+ 61. Ke7 e5 62. Qh1+ Ke3 63. Qe1+ Kf4 64. Qf2+ Kg5 65. Qg3+ Kh5 66.
Qh2+ Kg6 0-1

[Event "XII Open"]
[Site "Crema ITA"]
[Date "2010.09.05"]
[Round "6"]
[White "Lucchese, Paolo"]
[Black "Quagliarella, Sabino Remo"]
[Result "0-1"]
[WhiteElo "1917"]
[BlackElo "1937"]
[PlyCount "54"]
[EventDate "2010.09.03"]

1. e4 e6 2. d4 d5 3. Nc3 Bb4 4. e5 c5 5. a3 Bxc3+ 6. bxc3 Nc6 7. Nf3 Nge7 8. h4
Bd7 9. Rb1 Qc7 10. Bd3 c4 11. Bxh7 Rxh7 12. Ng5 Rh8 13. g4 f6 14. Nf3 O-O-O 15.
Bf4 Qa5 16. Qd2 Ng6 17. Bg3 fxe5 18. dxe5 Rhf8 19. Ke2 Rxf3 20. Kxf3 Ngxe5+ 21.
Kg2 d4 22. Qg5 Qd5+ 23. Kh3 Nxg4 24. Qxd5 exd5 25. Kg2 dxc3 26. Rbe1 Bf5 27.
Re2 d4 0-1

[Event "XII Open"]
[Site "Crema ITA"]
[Date "2010.09.05"]
[Round "6"]
[White "Madaschi, Sergio"]
[Black "Cocconcelli, Lorenzo"]
[Result "0-1"]
[WhiteElo "1587"]
[BlackElo "1809"]
[PlyCount "60"]
[EventDate "2010.09.03"]

1. e4 e6 2. d4 c5 3. Nf3 d5 4. exd5 exd5 5. c3 Nf6 6. Be2 Be7 7. O-O O-O 8. Bg5
Qb6 9. Qc2 cxd4 10. cxd4 Nc6 11. Rd1 Bg4 12. Be3 Rac8 13. Nc3 Na5 14. Ne5 Bxe2
15. Qxe2 a6 16. Rac1 Qb4 17. Nd3 Qb6 18. Ne5 Qe6 19. Rc2 Nc4 20. Nxc4 Rxc4 21.
b3 Rc6 22. h3 Rfc8 23. Rdc1 Ba3 24. Na4 Bxc1 25. Rxc6 Rxc6 26. Nc5 Qe7 27. a4
Bxe3 28. fxe3 Ne4 29. b4 Nxc5 30. bxc5 Qe4 0-1

[Event "XII Open"]
[Site "Crema ITA"]
[Date "2010.09.05"]
[Round "6"]
[White "Mansueti, Marco"]
[Black "Colombo, Luca"]
[Result "1/2-1/2"]
[WhiteElo "1872"]
[BlackElo "1918"]
[PlyCount "90"]
[EventDate "2010.09.03"]

1. e4 c5 2. Nf3 d6 3. d4 cxd4 4. Nxd4 Nf6 5. Nc3 g6 6. f3 Bg7 7. Be3 O-O 8. Bc4
Nc6 9. Qd2 Bd7 10. O-O Rb8 11. b3 Ne5 12. Be2 Rc8 13. Nd5 Nxd5 14. exd5 f5 15.
Rac1 Qc7 16. c4 b6 17. h3 Rce8 18. f4 Nf7 19. Bf3 Nd8 20. Rfe1 Nb7 21. Bf2 Qc8
22. Re2 Nc5 23. Rce1 Bf6 24. Ne6 Nxe6 25. dxe6 Bc6 26. Bd5 Qb7 27. Rc1 Rc8 28.
Be3 Bxd5 29. Qxd5 Qxd5 30. cxd5 Rxc1+ 31. Bxc1 Rc8 32. Be3 Rc3 33. Kf2 Kg7 34.
Rd2 h6 35. g3 g5 36. Ke2 Rc1 37. Rd1 Rc7 38. Rc1 Rxc1 39. Bxc1 gxf4 40. Bxf4 h5
41. h4 Bc3 42. Kd3 Be1 43. Ke2 Bc3 44. Bg5 Bf6 45. Bf4 Bc3 1/2-1/2

[Event "XII Open"]
[Site "Crema ITA"]
[Date "2010.09.05"]
[Round "6"]
[White "Marchesotti, Giovanni"]
[Black "Saccani, Ettore"]
[Result "1-0"]
[WhiteElo "1578"]
[BlackElo "1800"]
[PlyCount "87"]
[EventDate "2010.09.03"]

1. f4 d5 2. Nf3 c5 3. e3 Nc6 4. b3 Nf6 5. Bb2 Bg4 6. Be2 e6 7. O-O Be7 8. Ne5
Bxe2 9. Qxe2 Qc7 10. Nxc6 Qxc6 11. d4 O-O-O 12. Ba3 Ne4 13. Nd2 Nc3 14. Qd3 Nb5
15. Bxc5 Bxc5 16. dxc5 Qxc5 17. a4 Nc7 18. Qd4 Qxd4 19. exd4 Kb8 20. Nf3 f6 21.
Rac1 Rd6 22. c4 Rb6 23. Rc3 a5 24. c5 Rc6 25. Ne1 Na6 26. Nd3 Rhc8 27. Rfc1 b6
28. Kf2 Kb7 29. Ke2 Nb8 30. Kd2 Nd7 31. cxb6 Rxc3 32. Rxc3 Rxc3 33. Kxc3 Kxb6
34. h4 g6 35. g4 h6 36. b4 axb4+ 37. Kxb4 g5 38. hxg5 hxg5 39. fxg5 e5 40. g6
f5 41. a5+ Ka6 42. Nc5+ Nxc5 43. dxc5 e4 44. g7 1-0

[Event "XII Open"]
[Site "Crema ITA"]
[Date "2010.09.05"]
[Round "6"]
[White "Martino, Antonio M."]
[Black "Carbone, Lorenzo"]
[Result "1-0"]
[WhiteElo "1991"]
[BlackElo "1695"]
[PlyCount "79"]
[EventDate "2010.09.03"]

1. c4 c5 2. Nc3 Nf6 3. g3 e6 4. Bg2 Nc6 5. e4 Be7 6. Nge2 O-O 7. O-O Rb8 8. d3
b6 9. h3 Bb7 10. Be3 Ne5 11. f4 Ng6 12. Qb3 d6 13. Rad1 a5 14. d4 Qc8 15. dxc5
bxc5 16. Qc2 Rd8 17. Nb5 Bc6 18. Na7 Qb7 19. Nxc6 Qxc6 20. e5 Qb6 21. exf6 Bxf6
22. b3 Ne7 23. g4 g6 24. Ng3 Nc6 25. Bxc6 Qxc6 26. g5 Be7 27. Ne4 Bf8 28. Nf6+
Kh8 29. Qf2 Bg7 30. Bc1 Bxf6 31. gxf6 Qe4 32. Qh4 Rd7 33. Qg5 Rg8 34. Rfe1 Qf3
35. Qg2 Qh5 36. Qg4 Qh6 37. f5 Qf8 38. fxe6 fxe6 39. Qxe6 Qd8 40. f7 1-0

[Event "XII Open"]
[Site "Crema ITA"]
[Date "2010.09.05"]
[Round "6"]
[White "Milanesi, Erminio"]
[Black "Chiaravalloti, Francesco"]
[Result "1/2-1/2"]
[WhiteElo "1855"]
[BlackElo "1500"]
[PlyCount "32"]
[EventDate "2010.09.03"]

1. e4 c5 2. d3 d6 3. g3 Nf6 4. Nh3 e5 5. f3 Be7 6. Nf2 O-O 7. Bg2 Nc6 8. O-O
Be6 9. Nc3 a6 10. a4 Qc7 11. Ne2 b5 12. axb5 axb5 13. Rxa8 Rxa8 14. Bd2 Ra2 15.
Qb1 Qa7 16. Nc3 Ra5 1/2-1/2

[Event "XII Open"]
[Site "Crema ITA"]
[Date "2010.09.05"]
[Round "6"]
[White "Molteni, Diego"]
[Black "Maddaloni, Giovanni"]
[Result "1/2-1/2"]
[WhiteElo "1527"]
[BlackElo "1801"]
[PlyCount "65"]
[EventDate "2010.09.03"]

1. d4 Nf6 2. Nf3 g6 3. c4 Bg7 4. Nc3 d6 5. e4 O-O 6. Be2 Na6 7. O-O c5 8. d5
Nc7 9. Be3 Bg4 10. Nd2 Bxe2 11. Qxe2 e6 12. Nf3 exd5 13. exd5 Re8 14. Qd2 Ng4
15. Rfe1 Nxe3 16. Rxe3 Qd7 17. Rae1 Bf6 18. Ne4 Bg7 19. Qc2 b5 20. b3 bxc4 21.
bxc4 Reb8 22. Neg5 Rb2 23. Qd3 Re8 24. Rxe8+ Nxe8 25. Re2 h6 26. Rxb2 Bxb2 27.
Qb3 Bc1 28. Ne4 Qe7 29. Qb1 Ba3 30. Qe1 Bb4 31. Qe2 Kg7 32. Kf1 f5 33. Nc3
1/2-1/2

[Event "XII Open"]
[Site "Crema ITA"]
[Date "2010.09.05"]
[Round "6"]
[White "Mussap, Angelo"]
[Black "Giretti Kanev, Jasen"]
[Result "1-0"]
[WhiteElo "2051"]
[BlackElo "2191"]
[PlyCount "59"]
[EventDate "2010.09.03"]

1. e4 c6 2. d4 d5 3. Nc3 dxe4 4. Nxe4 Nf6 5. Ng3 h5 6. h4 Bg4 7. Qd3 Na6 8. c3
Qd6 9. Nh3 O-O-O 10. Bf4 Qe6+ 11. Be3 Nc5 12. Qc2 Nd5 13. Bc4 Nd7 14. Bxd5 Qxd5
15. Nf4 Qa5 16. b4 Qb5 17. Qb3 e5 18. a4 Qa6 19. dxe5 Nxe5 20. b5 cxb5 21. O-O
b4 22. cxb4 Kb8 23. Qc3 Qf6 24. Rac1 Nc6 25. Qxf6 gxf6 26. b5 Nd4 27. f3 Be6
28. Bf2 Ba3 29. Rc3 Bb2 30. Rc2 1-0

[Event "XII Open"]
[Site "Crema ITA"]
[Date "2010.09.05"]
[Round "6"]
[White "Okhotnik, Vladimir"]
[Black "Rambaldi, Francesco"]
[Result "1/2-1/2"]
[WhiteElo "2437"]
[BlackElo "2015"]
[PlyCount "111"]
[EventDate "2010.09.03"]

1. e4 c5 2. Nf3 e6 3. c3 Nf6 4. e5 Nd5 5. d4 cxd4 6. cxd4 b6 7. a3 Bb7 8. Bd3
d6 9. O-O Nd7 10. Qe2 Be7 11. Bd2 Rc8 12. Nc3 Nxc3 13. Bxc3 O-O 14. Rfd1 Qc7
15. Rac1 Qb8 16. Bb4 a5 17. Bd2 Bxf3 18. Qxf3 dxe5 19. Bb5 Nf6 20. Rxc8 Rxc8
21. dxe5 Qxe5 22. Qb7 Qc7 23. Qxc7 Rxc7 24. Rc1 Rxc1+ 25. Bxc1 Bc5 26. Bd2 Bd4
27. b3 Ne4 28. Be1 Bc3 29. Bc6 Bxe1 30. Bxe4 f5 31. Bd3 Kf7 32. a4 Kf6 33. Kf1
Bb4 34. Ke2 e5 35. Ba6 e4 36. h3 Ke5 37. Bc8 g5 38. Bd7 Bc5 39. Bc8 Kf4 40. Bd7
h5 41. g3+ Ke5 42. Be8 h4 43. gxh4 gxh4 44. Bd7 Bd4 45. Bc8 Kf4 46. Bd7 Bc5 47.
Bc8 Ke5 48. Bd7 f4 49. f3 e3 50. Bb5 Kd4 51. Bc4 Kc3 52. Be6 Ba3 53. Bf7 Bc5
54. Be6 Kb4 55. Bc4 Kc3 56. Be6 1/2-1/2